000 01511cam a2200385 i 4500
001 vtls003273559
003 MY-SjTCS
005 20200226105503.0
008 170921t20142014vaua b 001 0 eng
020 _a9781624102547 (hardback)
039 9 _a201711201446
_bshuhada
_y201709211643
_zmalathy
040 _erda
082 0 4 _a629.132
_bYEC 2017
100 1 _aYechout, Thomas R.
_963804
245 1 0 _aIntroduction to aircraft flight mechanics :
_bperformance, static stability, dynamic stability, classical feedback control, and state-space foundations /
_cThomas R. Yechout ; with contributions by Steven L. Morris, David E. Bossert, Wayne F. Hallgren, James K. Hall.
250 _aSecond edition.
264 1 _aReston, VA :
_bAmerican Institute of Aeronautics and Astronautics, Inc.,
_c[2014]
264 4 _c©2014
300 _axvii, 700 pages :
_billustrations (some colour) ;
_c24 cm.
336 _atext
_2rdacontent
337 _aunmediated
_2rdamedia
338 _avolume
_2rdacarrier
490 1 _aAIAA education series
504 _aIncludes bibliographical references (page 681) and index.
650 0 _aAirplanes
_xPerformance.
_963805
650 0 _aAerodynamics.
_910542
650 0 _aFlight.
_913701
650 0 _aFlight control.
_915973
700 1 _aMorris, Steven L.,
_d1952-
_963807
700 1 _aBossert, David E.
_963808
700 1 _aHallgren, Wayne F.
_963806
700 1 _aHall, James K.,
_d1969-
_977229
830 0 _aAIAA education series
_928540
920 _aSOE : 230012
999 _c53537